Japan, its history, arts, and literature

This book introduce about early wares, wares of Hizen, wares of Satsuma, wares of Kyoto, wares of Kaga prefecture, wares of owari, or bishiu, and mino, miscellaneous wares. Modern developments of Japanese keramics.

Wedi'i Gadw mewn:
Manylion Llyfryddiaeth
Prif Awdur: Brinkley, Captain F.
Fformat: Llyfr
Iaith:Undetermined
Cyhoeddwyd: Boston J. B. Millet Co. 1902
Pynciau:
Tagiau: Ychwanegu Tag
Dim Tagiau, Byddwch y cyntaf i dagio'r cofnod hwn!
Thư viện lưu trữ: Trung tâm Học liệu Trường Đại học Cần Thơ
LEADER 00768nam a2200205Ia 4500
001 CTU_231930
008 210402s9999 xx 000 0 und d
082 |a 952 
082 |b B858/Vol.8 
100 |a Brinkley, Captain F. 
245 0 |a Japan, its history, arts, and literature 
245 0 |c Captain F. Brinkley 
260 |a Boston 
260 |b J. B. Millet Co. 
260 |c 1902 
520 |a This book introduce about early wares, wares of Hizen, wares of Satsuma, wares of Kyoto, wares of Kaga prefecture, wares of owari, or bishiu, and mino, miscellaneous wares. Modern developments of Japanese keramics. 
650 |a Nhật Bản,Japan 
650 |x Lịch sử,History 
910 |b dqhieu 
980 |a Trung tâm Học liệu Trường Đại học Cần Thơ